Представление документа в формате RUSMARC

ПолеНазваниеЗначение
  Тип записи a
  Библиографический уровень m
001 Контрольный номер cdf84c91d590447c9697571819c2523a
005 Дата корректировки 20260602141239.8
010 Индекс ISBN __
a ISBN 978-5-04-098435-0 (в пер.)
d Цена 794-20; 837-00, 55000 экз.
100 Данные общей обработки __
a Данные общей обработки 19190205d2018||||||| 0rusy0189 ca
101 Язык документа 0_
a Язык текста rus
102 Страна публикации __
a Страна публикации ru|
102 Страна публикации __
a Страна публикации RU
105 Кодированные данные (монография) __
a Кодированные данные (монография) #|||||||000zy
200 Заглавие и сведения об ответственности 1_
a Заглавие Тайные виды на гору Фудзи
f Первые сведения об ответственности Виктор Пелевин ; [оформление серии и дизайн переплета Андрея Саукова]
b Общее обозначение материала Текст
210 Выходные данные 1_
a Место издания Москва
c Издательство Эксмо
d Дата издания 2018
215 Физическое описание __
a Объем 412, [2] с.
d Формат 21 см
225 Серия 2_
a Серия Единственный и неповторимый. Виктор Пелевин
300 Общие примечания __
a Общие примечания Содержит нецензурную брань
300 Общие примечания __
a Общие примечания Дар от Всероссийского издательско-библиотечного проекта Литмост
330 Аннотация __
a Аннотация Готовы ли вы ощутить реальность так, как переживали ее аскеты и маги древней Индии две с половиной тысячи лет назад? И если да, хватит ли у вас на это денег? Стартап "Fuji experiences” действует не в Силиконовой долине, а в российских реалиях, где требования к новому бизнесу гораздо жестче. Люди, способные профинансировать новый проект, наперечет... Эта книга о долгом и мучительно трудном возвращении российских олигархов домой. А еще - берущая за сердце история подлинного женского успеха. Впервые в мировой литературе раскрываются эзотерические тайны мезоамериканского феминизма с подробным описанием его энергетических практик. Речь также идет о некоторых интересных аспектах классической буддийской медитации. Герои книги - наши динамичные современники: социально ответственные бизнесмены, алхимические трансгендеры, одинокие усталые люди, из которых капитализм высасывает последнюю кровь, стартаперы-авантюристы из Сколково, буддийские монахи-медитаторы, черные лесбиянки. В ком-то читатель, возможно, узнает и себя...
333 Примечание о целевом назначении __
a Примечание о целевом назначении 18+. Запрещено для детей
606 Тематические рубрики __
a Основная рубрика Художественная литература
606 Тематические рубрики __
a Основная рубрика Современная русская литература (произведения)
610 Ключевые слова 0_
a Ключевые слова интеллектуальная проза
610 Ключевые слова 0_
a Ключевые слова интеллектуальные романы
610 Ключевые слова 0_
a Ключевые слова тема буддизма
610 Ключевые слова 0_
a Ключевые слова тема истории
610 Ключевые слова 0_
a Ключевые слова тема олигархов
610 Ключевые слова 0_
a Ключевые слова тема стартапов
610 Ключевые слова 0_
a Ключевые слова современная проза
686 Индексы других классификаций __
2 Код системы rubbks
a Классификационный индекс 84(2=411.2)6-4
700 Автор _1
a Фамилия Пелевин
b Имя В. О.
f Даты 1962-
g Полное личное имя Виктор Олегович
4 Код отношения 070
702 Вторичная интеллектуальная ответственность _1
a Фамилия Сауков
b Имя А.
4 Код отношения Художник
g Полное личное имя Андрей
4 Код отношения 040
711 Наименование организации. (Альтернативная ответственность) 02
a Организация/ юрисдикция Литмост, всероссийский издательско-библиотечный проект
801 Источник записи _0
a Страна ru
b Организация Муниципальное бюджетное учреждение культуры "Централизованная библиотечная система" г. Сургут (Центральная городская библиотека им. А. С. Пушкина)
c Дата составления 20190205
g Правила каталогизации PSBO
801 Источник записи _1
a Страна ru
b Организация Муниципальное бюджетное учреждение культуры "Централизованная библиотечная система" г. Сургут (Центральная городская библиотека им. А. С. Пушкина)
c Дата составления 20190205
g Правила каталогизации PSBO
852 Данные о местонахождении __
j Шифр хранения 84(2=411.2)6-4
i Авторский знак П 24
901 Тип документа __
t Тип документа m
a Ответственный КиК/Котельникова; ООФиК/Волкова
903 Характеристики (МАРС) __
a Дата передачи 20190322; 20190205
990 Данные о заказе (DOS) __
j Количество экземпляров (DOS) 1; 1
t N записи в КСУ для И/У (DOS) 201903; 201902
996 Контроль за деятельностью лиц, находящихся под иностранным влиянием __
b Текстовое указание Содержит информацию о наркотических или психотропных веществах, употребление которых опасно для здоровья. Их незаконный оборот влечет уголовную ответственность (18+)